MDQL
is popping MORE tags! Check the
thread
!
Quizzes
Events
Quiz Creation
Community
Videos
Private Events
Remove Ads
Sign In
Join for FREE
Feedback
Dark Mode
Quiz Categories
Sports
Geography
Music
Movies
Television
Just For Fun
Miscellaneous
History
Literature
Language
Science
Gaming
Entertainment
Religion
Holiday
For Kids
Quiz Lab
Recent
Popular Today
Quiz Kudos Today
Editor Picks
Curator Picks
Quizzes by...
Day
Popularity
Type
Ratings
Length
Year
Community
Subscriptions
Recent Discussions
Orange Saloon
Badges
Playlists
Quests
Create
Leaderboards
Showdown
Live 5
Trivia Bingo
Activity
Puzzle Library
Sporcle Events
Private Events
Virtual Trivia
Globe League
Become a Host
Pub Owners
SporcleCon
Opinionation
Our Games
Videos
Blog
Mobile Apps
Partnerships
Remove Ads and Go Orange
Feedback
Television
TV Characters
TV Show
Sitcom
Network
Friends
Reality Shows
Cast
South Park
Star Trek
The Simpsons
Doctor Who
Television
TV Characters
TV Show
Sitcom
Network
Friends
Reality Shows
Cast
South Park
Star Trek
The Simpsons
Doctor Who
Random Quiz
Search Sporcle
×
Quiz Lab
Quiz Lab
Television
Doctor Who
Type in answers that appear in a list
Type in answers that appear in a list
Classic
Best Score? Go Orange.
Doctor Who Fill in the Blank Stats
Can you name the Doctor Who terms?
By
meiscoolio
6m
16 Questions
986 Plays
986 Plays
986 Plays
Comments
Comments
Give Quiz Kudos
Give Quiz Kudos
-
- Ratings
hide this ad
Replay
Link that replays current quiz
Next Quiz
Link to next quiz in quiz playlist
You Got
0%
They Got
Avg Score
83%
Avg Friend Score
Upgrade to see
Score Distribution
Jump to the score distribution portion of the page
Score
0/16
Timer
06:00
0
Plays Today
Clue
Answer
% Correct
from which the doctor escaped in the _
_
_
_
tardis
96%
The 11th doctor is portrayed by _
_
_
_
_
_
_
_
,
Matt Smith
94.8%
is _
_
_
_
_
_
_
on the inside,
bigger
94.5%
the 10th doctor is portrayed by _
_
_
_
_
_
_
_
_
,
David Tennant
94.1%
The Doctor's main enemy is a race called the _
_
_
_
_
_
_
_
daleks
92.9%
The Doctor is married to _
_
_
_
_
_
_
_
_
_
_
River Song
92.5%
who fought in the _
_
_
_
_
_
_
_
_
_
_
timewar
91.3%
which is disguised as a _
_
_
_
_
_
,
police box
91.3%
Clue
Answer
% Correct
who is a _
_
_
_
_
_
_
_
timelord
89.1%
and travels through _
_
_
_
_
_
_
_
.
time and space
88.6%
and the 9th doctor by _
_
_
_
_
_
_
_
_
.
Christopher Eccleston
86.4%
The Doctor _
_
_
_
_
_
_
the world on a regular basis.
saves
85.2%
and is the daughter of
Amy and Rory
80.2%
The Doctor's race is the _
_
_
_
_
_
_
_
_
_
timelords
75.3%
who are _
_
_
_
_
_
_
_
_
.
humans
45.4%
who have no _
_
_
_
_
_
.
feelings
35.2%
Quiz Playlist
Details
Report
Send in Message
Add To Playlist
Classic:
Type in answers that appear in a list
Last Updated: Jun 24, 2017
Quiz Scoreboard
CHALLENGE
Sign Up to Join the Scoreboard
Show All
Scores
Hide
Comments
May contain spoilers
Recently Published
Colored Red Africa Blitz
by spor1
Geography
30s
Find the 'City' Movie
by crazypaving
Movies
60s
5x2 Blitz: Bands
by SL_Kpop136
Music
30s
More to Explore
Quiz From the Vault
Featured Blog Post
14 Easter Pick-up Lines to Find Eggs With
hide this ad
You Might Also Like...
Tags
Doctor Who Quiz
Today's Top Quizzes in Television
Browse Television
hide this ad
Today's Top Quizzes in Doctor Who
Browse Doctor Who
Top Contributed Quizzes in Television
1
Survivor Journey Challenge
2
Brooklyn Nine Nine Logic Puzzle (How-To-Play)
3
Phoebe Buffay Quotes
4
Survivor Trivia
5
Total Drama Characters
6
Survivor Logic Puzzle: Heroes vs. Villains
7
One Tree Hill Logic Puzzle
8
Survivor Heroes vs. Villains Logic Puzzle
9
All US Survivor Seasons in Order
10
Adjectives in 00s TV Shows
Explore More
Trending Topics
Kpop
Crossword
Anime
NBA
Marvel
Harry Potter
Disney
The Office
WWE
Country
NFL
Song
Puzzle
Soccer
Pokémon
hide this ad
More By:
meiscoolio
Quiz
Plays
Rating
Category
Featured
Created
The Legend of Korra A-Z
3,228
3.31
Television
Jun 27, 2012
Doctor Who Fill in the Blank
986
2.16
Television
Nov 25, 2011
Top 10 Things Dogs Swallow That They Shouldn't
81
2.80
Just For Fun
Nov 25, 2011
Go to Creator's Profile
Score Distribution
Quiz Creator Spotlight
meiscoolio
Follow
Send a Message
Quizzes Created
-
Created Quiz Play Count
-
More By This Creator
Popular Quizzes Today
1
Colored Red Africa Blitz
2
Find the 'City' Movie
3
5x2 Blitz: Bands
4
Find the US States - No Outlines Minefield
5
The Countries of the World
6
Find the US States
7
US States
8
Find the Countries of Europe - No Outlines Minefield
More Television Quizzes
The Walking Dead Episode Appearances: Season 6
Quiz Lab
Trending Quizzes
Colored Red Europe Blitz I
Colored Red Europe Blitz II
Colored Red Africa Blitz II
Colored Red Europe Blitz III
Colored Red Africa Blitz III
Recently Updated
How Do You Spell That?
pecheneg
Godzilla Movies
pecheneg
Grab Bag: 4-10 Letters
pecheneg
2024 March Madness Bracket
pecheneg
Famous TV Couples
Peacemaker
Champions League XIs: Real Madrid
pecheneg
Largest US Cities 1790-2010
pecheneg
Rides in Walt Disney World
pecheneg
Most Oscar Losses (Acting)
pecheneg
Beyoncé Albums
pecheneg
Trending Topics
Disney
Kpop
Crossword
Harry Potter
Anime
NBA
Marvel
Country
The Office
Soccer
WWE
Song
NFL
Puzzle
Pokémon
Your Account Isn't Verified!
In order to create a playlist on Sporcle, you need to verify the email address you used during registration. Go to your
Sporcle Settings
to finish the process.
Report this User
Report this user for behavior that violates our
Community Guidelines
.
Details:
Send Report
Go to the Sporcle.com Mobile Site →
Comments